[Event "POL-ch Teachers"]
[Site "Krakow"]
[Date "2012.??.??"]
[Round "4"]
[White "Nawrot, Zbigniew"]
[Black "Olszowski, Andrzej"]
[Result "1/2-1/2"]
[WhiteElo "1617"]
[BlackElo "1746"]
[PlyCount "114"]
[EventDate "2012.??.??"]
[EventType "swiss"]
[EventRounds "9"]
[EventCountry "POL"]
[SourceTitle "EXT 2014"]
[Source "ChessBase"]
[SourceDate "2013.11.20"]
[SourceVersion "1"]
[SourceVersionDate "2013.11.20"]
[SourceQuality "1"]

1. d4 e6 2. Nf3 f5 3. c4 Nf6 4. Nbd2 d5 5. c5 c6 6. b4 Be7 7. e3 0-0 8. Bd3 Ne4 9. 0-0 Nd7 10. Bb2 Bf6 11. Ne5 Qc7 12. f4 b6 13. Nxe4 fxe4 14. Be2 bxc5 15. bxc5 Rb8 16. Bc3 Nxe5 17. fxe5 Bg5 18. Rxf8+ Kxf8 19. Qf1+ Qf7 20. Qxf7+ Kxf7 21. Rf1+ Ke7 22. Kf2 Bd7 23. Bd2 Rb2 24. Bc3 Rxa2 25. Ra1 Rxa1 26. Bxa1 Kf7 27. Ba6 Bd8 28. Bc3 Bc7 29. g4 g5 30. Kg3 Bd8 31. h3 Kg6 32. Kf2 Kf7 33. Ke2 Bc7 34. Kd2 Ke7 35. Kc2 Kd8 36. Bb7 Bc8 37. Bxc6 Ba6 38. Be1 Bf1 39. h4 h6 40. Kb3 Bh3 41. Bb5 Bxg4 42. c6 Bd1+ 43. Ka3 Ke7 44. Ba6 Kd8 45. Kb4 Bb6 46. Ka3 Kc7 47. Bb7 Be2 48. hxg5 hxg5 49. Bb4 Kd8 50. Be1 Kc7 51. Bb4 g4 52. Be1 Bb5 53. Kb4 Bxc6 54. Ba6 Be8 55. Bg3 Kb8 56. Bh4 Kc7 57. Bg3 Bh5 1/2-1/2

[Event "POL-ch Teachers"]
[Site "Krakow"]
[Date "2012.??.??"]
[Round "7"]
[White "Nawrot, Zbigniew"]
[Black "Staroniewicz, Janusz"]
[Result "0-1"]
[WhiteElo "1617"]
[BlackElo "1701"]
[PlyCount "114"]
[EventDate "2012.??.??"]
[EventType "swiss"]
[EventRounds "9"]
[EventCountry "POL"]
[SourceTitle "EXT 2014"]
[Source "ChessBase"]
[SourceDate "2013.11.20"]
[SourceVersion "1"]
[SourceVersionDate "2013.11.20"]
[SourceQuality "1"]

1. d4 d5 2. c4 e6 3. e3 Nf6 4. Nd2 c5 5. Bd3 cxd4 6. cxd5 dxe3 7. fxe3 Qxd5 8. Qe2 Bb4 9. a3 Bxd2+ 10. Bxd2 0-0 11. Bc4 Qe4 12. Bd3 Qh4+ 13. g3 Qg4 14. Qg2 Nc6 15. h3 Qa4 16. Bc3 Nd5 17. Qd2 Nxc3 18. Qxc3 Qa5 19. b4 Qe5 20. Qxe5 Nxe5 21. Be2 b6 22. Nf3 Bb7 23. 0-0 Nxf3+ 24. Bxf3 Bxf3 25. Rxf3 Rac8 26. g4 Rfd8 27. e4 Rc2 28. Rf2 Rxf2 29. Kxf2 Rd3 30. Rc1 g6 31. Rc8+ Kg7 32. a4 Ra3 33. a5 bxa5 34. bxa5 Rxa5 35. h4 Ra3 36. Kg2 a5 37. g5 a4 38. Rc4 h6 39. Rc7 hxg5 40. hxg5 Re3 41. Rc4 a3 42. Kf2 Rb3 43. Ra4 Rb2+ 44. Kf3 a2 45. Ke3 Kf8 46. Kf4 Ke7 47. Ke5 Rb5+ 48. Kf4 e5+ 49. Ke3 Rb2 50. Kd3 f5 51. Kc3 Rg2 52. Ra7+ Kd6 53. exf5 gxf5 54. Ra6+ Kd5 55. g6 Ke4 56. Ra4+ Kf3 57. g7 Rxg7 0-1

[Event "POL-ch Teachers"]
[Site "Krakow"]
[Date "2010.06.03"]
[Round "2.9"]
[White "Nawrot, Zbigniew"]
[Black "Janik, Andrzej"]
[Result "1/2-1/2"]
[WhiteElo "1667"]
[BlackElo "1929"]
[PlyCount "144"]
[EventDate "2010.06.03"]
[EventType "swiss"]
[EventRounds "9"]
[EventCountry "POL"]
[SourceTitle "EXT 2023"]
[Source "ChessBase"]
[SourceDate "2022.10.05"]
[SourceVersion "1"]
[SourceVersionDate "2022.10.05"]
[SourceQuality "1"]

1. e4 e5 2. Nf3 d6 3. d4 Nf6 4. dxe5 Nxe4 5. Qd5 Nc5 6. exd6 Bxd6 7. Bg5 f6 8. Be3 Be6 9. Qh5+ g6 10. Qh6 Bf8 11. Qh4 Nbd7 12. Nc3 a6 13. 0-0-0 Qe7 14. Nd4 Bf7 15. Bh6 0-0-0 16. Bxf8 Qxf8 17. f4 Qg7 18. Qf2 Rhe8 19. g3 f5 20. Bg2 Ne4 21. Bxe4 fxe4 22. Rhe1 Nf6 23. Nb3 Rxd1+ 24. Nxd1 Bxb3 25. cxb3 Kb8 26. Qd4 Qe7 27. Ne3 h5 28. f5 Rd8 29. Qc4 gxf5 30. Nxf5 Qd7 31. Qf1 Qd2+ 32. Kb1 Qd5 33. Ne3 Qe6 34. Rd1 Rxd1+ 35. Qxd1 Kc8 36. Qd4 Qd6 37. Qc3 c6 38. a3 Kc7 39. Ka2 b5 40. Nf5 Qe6 41. Nd4 Qd6 42. Nf5 Qe6 43. Qc5 Nd5 44. Qa7+ Kd8 45. Qa8+ Kd7 46. Qa7+ Kd8 47. Qb8+ Kd7 48. Qa7+ Nc7 49. Qd4+ Nd5 50. Qa7+ Nc7 51. Qd4+ Nd5 52. Qg7+ Ne7 53. Nxe7 Qxe7 54. Qd4+ Kc8 55. Qh8+ Kb7 56. Qxh5 e3 57. Qe2 Qe4 58. h4 a5 59. h5 a4 60. h6 axb3+ 61. Kxb3 Qe6+ 62. Kc2 Qxh6 63. Kd3 Qd6+ 64. Kxe3 Qxg3+ 65. Kd2 Qb3 66. Kc1 Kb6 67. Qf2+ Kc7 68. Qa7+ Kd6 69. Qb8+ Kc5 70. Qa7+ Kd6 71. Qd4+ Kc7 72. Qa7+ Kd6 1/2-1/2